000 00693nam a2200229Ia 4500
003 OSt
005 20260226100954.0
008 220923b |||||||| |||| 00| 0 eng d
020 _a0297783378
037 _cGeneral Book
040 _aRTL
_cRTL
_beng
041 _2eng
_aeng
084 _aX93:75 L6;M4/TD
_qRTL
100 _aRees, Ray
_91116689
245 0 _aPublic enterprise economics
250 _a2nd
260 _aLondon
_bWeidenfeld and Nicolson
_c1984
300 _axiii,238 p.
_binculed biblograpical refrence an index
490 _aLSE Handbooks in Economic Analysis Series
942 _hX93:75, L6;M4/TD
_cTB
_2CC
999 _c585724
_d585724